Statistiques concernant match de la coupe du monde de rugby 2019

Cliquez ici pour prendre le quiz!

Statistiques générales

  • Ce quiz a été pris 12 fois
  • Le résultat moyen est 21 sur 40

Statistiques - réponses

jour horaire (heure locale à Paris) pays (par ordre alphabétique) % Correct
20 septembre 201912h45japon-russie
100%
21 septembre 201909h15Argentine-france
91%
21 septembre 201911h45Afrique du sud-nouvelle Zélande
82%
12 octobre 201910h15Angleterre-France
73%
05 octobre 201910h00Angleterre-Argentine
64%
21 septembre 201906h45Australie-fidji
64%
22 septembre 201909h45Ecosse-irlande
64%
22 septembre 201912h15Angleterre-Tonga
64%
12 octobre 201906h45Italie-Nouvelle Zélande
64%
02 octobre 201909h45Etats unis-France
64%
06 octobre 201909h45France-Tonga
64%
06 octobre 201906h45Namibie-Nouvelle Zélande
64%
03 octobre 201912h15Irlande-Russie
55%
11 octobre 201912h15Australie-Georgie
55%
04 octobre 201911h45Afrique du sud-Italie
55%
08 octobre 201912h15Afrique du sud-Canada
55%
12 octobre 201912h45Irlande-Samoa
55%
02 octobre 201912h15Canada-Nouvelle Zélande
55%
13 octobre 201912h45Ecosse-Japon
55%
30 septembre 201912h15Ecosse-Samoa
55%
28 septembre 201909h15Irlande-Japon
55%
23 septembre 201912h15Georgie-pays de Galles
55%
28 septembre 201906h45Argentine-Tonga
55%
26 septembre 201912h45Angleterre-Etats-unis
55%
22 septembre 201907h15Italie-namibie
55%
28 septembre 201911h45Afrique du sud-Namibie
45%
13 octobre 201905h15Canada-Namibie
45%
26 septembre 201909h15Canada-Italie
45%
29 septembre 201909h45Australie-Pays de Galles
45%
09 octobre 201911h45Fidji-Pays de Galles
45%
24 septembre 201912H15Russie-Samoa
45%
13 octobre 201907h45Etats unis-Tonga
45%
05 octobre 201907h15Australie-Uruguay
36%
05 octobre 201912h30Japon-Samoa
36%
09 octobre 201909h15Ecosse-Russie
36%
25 septembre 201907h15Fidji-Uruguay
36%
09 octobre 201906h45Argentine-Etats unis
27%
29 septembre 201907h15Georgie-Uruguay
27%
03 octobre 201907h15Fidji-Georgie
27%
13 octobre 201910h15Pays de Galles-Urguay
0%

Distribution des résultats

Percentile by Number Answered

% des personnes avec chaque résultat

Votre développement - résultats

Vous n’avez pas pris ce quiz